Tiere mit "U" aufzählen - Statistiken

Allgemein
  • Dieses Quiz wurde 169 mal gespielt
  • Das Durchschnittsergebnis liegt bei 2 aus 6
Antwortstatistiken
Tier mit U % Korrekt
Uhu
98%
Ur
56%
Unke
47%
Uferschnepfe
11%
Uhrzeitkrebs
10%
Ukelei
7%
Keine übereinstimmenden Quizze gefunden
Verteilung der Resultate
Anzahl Personen mit jedem Resultat
Perzentil nach korrekt beantworteten Fragen
Ihre Resultats-Entwicklung
Sie haben dieses Quiz noch nicht gespielt